[Event "Aeroflot Open 2017"]
[Site "Moscow"]
[Date "2017.02.21"]
[Round "1"]
[White "Yu, Yangyi"]
[Black "Karthikeyan, Murali"]
[Result "1/2-1/2"]
[WhiteElo "2738"]
[BlackElo "2578"]
[Annotator "TA"]
[PlyCount "79"]
[EventDate "2017.??.??"]

1. e4 c5 2. Nf3 e6 3. c4 a6 4. Be2 Qc7 5. Nc3 b6 6. d4 cxd4 7. Nxd4 Bb7 8. Be3
Nf6 9. f3 Be7 10. O-O O-O 11. Kh1 d6 12. Rc1 Nbd7 13. b4 Rac8 14. a3 Rfe8 15.
Qd2 Qb8 16. Rfd1 Bd8 17. Nb3 Bc7 18. Bf4 {LiveBook: 16 Games} d5 19. Bxc7 Rxc7
({Inferior is} 19... Qxc7 20. cxd5 exd5 21. Nxd5 $18) 20. cxd5 exd5 21. exd5
Nxd5 22. Nxd5 Bxd5 23. Nd4 b5 24. Bf1 {[#] Rxc7 is the strong threat.} Rxc1 25.
Rxc1 {aiming for Nxb5.} Qe5 26. Nb3 Bxb3 27. Qxd7 g6 28. Qd2 Qe3 29. Qb2 Rd8
30. h3 {[#]} (30. Rc3 $11 {keeps the balance.} Qe1 31. Rc1) 30... Be6 $1 $17
31. Qf6 Qxc1 (31... Rd2 $17 32. Ra1 h5) 32. Qxd8+ $11 {The position is equal.}
Kg7 33. Qd4+ f6 34. Qa7+ $1 Kh6 35. Kh2 $1 Qf4+ 36. Kg1 Qd6 37. Kf2 g5 38. Be2
Kg6 39. Qe3 Kg7 40. Bd3 1/2-1/2

[Event "Aeroflot Open 2017"]
[Site "Moscow"]
[Date "2017.02.21"]
[Round "1"]
[White "Inarkiev, Ernesto"]
[Black "Blomqvist, Erik"]
[Result "1/2-1/2"]
[WhiteElo "2723"]
[BlackElo "2573"]
[Annotator "TA"]
[PlyCount "109"]
[EventDate "2017.??.??"]

1. e4 e5 2. Nf3 Nc6 3. Bb5 a6 4. Ba4 Nf6 5. O-O Be7 6. Re1 b5 7. Bb3 d6 8. c3
O-O 9. h3 Bb7 10. d4 Re8 11. Nbd2 Bf8 12. a3 Qd7 13. Bc2 {LiveBook: 13 Games}
d5 14. exd5 Qxd5 15. Bb3 {White is slightly better.} Qd6 16. Ng5 Nd8 17. Nde4
Nxe4 18. Nxe4 Qd7 {next ...exd4 is good for Black.} 19. Qg4 Qxg4 20. hxg4 Kh8 (
20... Nc6 $11) 21. Ng3 $14 f6 22. dxe5 fxe5 23. Be3 Ne6 24. Rad1 Nf4 25. f3 g6
26. Bc2 Rad8 27. Ne4 Kg7 28. Nc5 Bc8 29. Bf2 Rxd1 30. Rxd1 (30. Bxd1 $2 {loses.
} Bxc5 31. Bxc5 Nd3 $19) 30... Be7 31. Re1 Bf6 32. Ne4 ({White should try} 32.
Bd4 $16) 32... Be7 $11 33. Nc5 Bf6 34. a4 Rd8 35. Ne4 Be7 36. Be3 Nd3 37. Bxd3
Rxd3 38. axb5 axb5 39. Bc5 Bd8 40. Bf2 h5 41. Bg3 Rd5 {The position is equal.}
42. Nf2 Kf6 43. gxh5 gxh5 44. Bh4+ Kf5 45. Bxd8 Rxd8 {Endgame KRB-KRN} 46. Re3
c5 47. Ne4 c4 48. Ng3+ Kf4 49. Kf2 {[#] Black must now prevent Re4+.} h4 50.
Nh5+ Kf5 {Threatens to win with . ..Rd2+.} 51. g4+ hxg3+ 52. Nxg3+ Kf6 53. Nh5+
Kf5 54. Ng3+ Kf6 55. Nh5+ 1/2-1/2

[Event "Aeroflot Open 2017"]
[Site "Moscow"]
[Date "2017.02.21"]
[Round "1"]
[White "Matlakov, Maxim"]
[Black "Sandipan, Chanda"]
[Result "1-0"]
[WhiteElo "2701"]
[BlackElo "2573"]
[Annotator "TA"]
[PlyCount "81"]
[EventDate "2017.??.??"]

1. d4 d5 2. c4 c6 3. Nf3 Nf6 4. Nc3 e6 5. Bg5 dxc4 6. e4 b5 7. e5 h6 8. Bh4 g5
9. Nxg5 hxg5 10. Bxg5 Be7 11. exf6 Bxf6 12. Bxf6 Qxf6 13. g3 Na6 14. Bg2 Bb7
15. Ne4 Qe7 16. O-O O-O-O 17. h4 c5 18. a4 Rxd4 {LiveBook: 5 Games} (18... cxd4
$2 19. axb5 Bxe4 20. Bxe4 $18 (20. Rxa6 Bxg2 21. Kxg2 Qb7+ 22. Kg1 Rxh4 23.
Rc6+ Kd7 24. gxh4 Rg8+ 25. Kh2 Qxb5 26. Qxd4+ Kxc6 $11)) 19. Qe2 b4 20. Rad1 {
And now Rxd4 would win.} Qc7 {White is slightly better.} 21. Rc1 (21. Ng5 $14)
21... Bd5 (21... Qc6 $1 $17 22. f3 Nc7) 22. Nf6 $11 Bxg2 (22... Qd6 $11) 23.
Kxg2 $16 e5 24. Ng4 ({Don't go for} 24. Rxc4 $2 Qc6+ 25. Ne4 f5 $19) 24... Qb7+
25. Kh2 f5 ({Black should try} 25... Qe4 $14 26. Qxe4 Rxe4) 26. Qxe5 Qh7 27.
Qf6 $1 Rxg4 ({Not} 27... fxg4 $2 28. Qxa6+ Qb7 29. Qe6+ Qd7 30. Qe5 $18) 28.
Qxa6+ Kb8 {( -> ...Rxh4+!)} 29. Qf6 $1 {Rfe1 is the strong threat.} f4 {[#]} (
29... Qh6 $16 30. Qxh6 Rxh6) 30. Rfd1 ({Better is} 30. Rcd1 $1 $18 Rc8 31. Rd8)
30... fxg3+ 31. fxg3 Rc8 32. Kh3 Qe4 (32... Re4 $14) 33. Rd8 $36 {White
threatens Qd6+ and mate. White is in control.} Rg8 {[#]} (33... Rg6 $16 {
was worth a try.} 34. Qf4+ Qxf4 35. Rxc8+ Kxc8 36. gxf4 c3 37. bxc3 Kd7) 34.
Qd6+ $1 $18 Ka8 35. Qd5+ Qxd5 36. Rxd5 Rgd8 $2 (36... c3 37. bxc3 b3) 37. Rxd8
{White is clearly winning.} Rxd8 38. Rxc4 {KR-KR} Rd5 39. Kg4 Kb7 40. h5 Kc6
41. h6 1-0

[Event "Aeroflot Open 2017"]
[Site "Moscow"]
[Date "2017.02.21"]
[Round "1"]
[White "Mamedov, Rauf"]
[Black "Zhigalko, Andrey"]
[Result "1/2-1/2"]
[WhiteElo "2688"]
[BlackElo "2571"]
[Annotator "TA"]
[PlyCount "86"]
[EventDate "2017.??.??"]

1. e4 c5 2. Nf3 d6 3. d4 {??.} cxd4 4. Nxd4 Nf6 5. f3 Nc6 6. c4 e6 7. Nc3 Be7
8. Nc2 O-O 9. Be2 d5 10. cxd5 exd5 11. exd5 Nb4 12. Nxb4 Bxb4 13. O-O Bxc3 14.
bxc3 Nxd5 15. Qd4 Re8 16. Re1 Be6 17. Bb2 Qb6 18. Qxb6 Nxb6 19. a4 a5 20. Bb5
Rec8 21. Rad1 h6 22. Re4 Rd8 $36 {Black has some pressure.} 23. Red4 Rxd4 24.
Rxd4 Rc8 25. Kf2 Bc4 26. Rd6 Bxb5 27. Rxb6 $15 {Endgame KRB-KRB} ({Wrong is} 
27. axb5 $2 Nc4 28. Rd7 Nxb2 $19) 27... Bc6 28. c4 Bxa4 29. Rxb7 Rxc4 30. Ba3
Bc6 31. Rc7 g5 32. Bd6 Kg7 33. Ke3 Bd5 34. Rxc4 Bxc4 {KB-KB} 35. g3 Kf6 36. Bf8
a4 37. f4 g4 38. Kd4 Be6 39. Bxh6 (39. Bd6 $15) 39... a3 $17 40. Kc3 a2 41. Kb2
Kf5 42. Bf8 Ke4 43. f5 Kxf5 1/2-1/2

[Event "Aeroflot Open 2017"]
[Site "Moscow"]
[Date "2017.02.21"]
[Round "1"]
[White "Movsesian, Sergei"]
[Black "Ghaem Maghami, Ehsan"]
[Result "1-0"]
[WhiteElo "2679"]
[BlackElo "2566"]
[Annotator "TA"]
[PlyCount "97"]
[EventDate "2017.??.??"]

1. e4 e5 2. Nf3 Nc6 3. Bb5 {??.} Nf6 4. d3 Bc5 5. c3 d6 6. O-O O-O 7. h3 Ne7 8.
d4 Bb6 9. Bd3 Ng6 10. Re1 Re8 11. Nbd2 c6 12. Qc2 Nh5 13. Nc4 Nhf4 14. Bf1 Bc7
15. Be3 Qf6 16. Ncd2 Be6 17. Kh1 h6 18. a4 d5 19. a5 a6 ({Better is} 19... exd4
$11 20. Bxd4 Qd8) 20. b4 $14 Bd7 21. Rad1 Rad8 22. c4 Bb8 23. Qc3 dxe4 $2 (
23... Nxh3 $1 $14 24. dxe5 Nxe5) 24. Nxe4 $18 Qf5 {[#]} 25. Ng3 $1 Qf6 (25...
Qe6 $142 26. dxe5 c5) 26. dxe5 Nxe5 27. Bd4 Nfg6 28. Nxe5 Bxe5 29. Bxe5 Rxe5 (
29... Nxe5 30. Ne4 Qf4 31. Nc5 $18) 30. Rxe5 Qxe5 (30... Nxe5 31. Nh5 Qe7 32.
f4 $18) 31. Qxe5 Nxe5 32. f4 (32. Ne4 $18) 32... Ng6 $16 33. Ne4 {aiming for
Nc5.} Re8 $2 (33... Kf8 $16 {was called for.}) 34. Rxd7 $18 Rxe4 35. Rxb7 Nxf4
{Endgame KRB-KRN} 36. Kg1 Re1 37. Kf2 Rb1 (37... Ra1 {is a better defense.} 38.
c5 g5 39. Bxa6 Kg7) 38. g3 Rb2+ 39. Ke3 Ne6 40. Rb6 g5 (40... Rb3+ $142 41. Kd2
Kf8) 41. c5 (41. Rxc6 Rxb4 42. Rxa6 Rb3+ 43. Kf2 Kg7 $14) 41... Rb3+ 42. Ke4
Rxg3 43. Rxc6 (43. Rxa6 g4 $18) (43. Bxa6 Rxh3 44. Rxc6 Kf8 $18) 43... g4 44.
hxg4 (44. Rxa6 Rg1 $18) (44. Bxa6 gxh3 45. Bb7 h2 $11) 44... Rxg4+ 45. Ke5 Rxb4
{[#]} 46. Rxe6 $1 ({Not} 46. Rxa6 Nxc5 47. Rc6 Rb1 $16) (46. Bxa6 Ra4 $16)
46... fxe6 47. c6 ({Worse is} 47. Kxe6 Rf4 48. Bg2 Ra4 $11) ({And not} 47. Bxa6
Ra4 48. Kd6 Rxa5 $11) 47... Rb1 48. c7 Rc1 49. Kd6 1-0

[Event "Aeroflot Open 2017"]
[Site "Moscow"]
[Date "2017.02.21"]
[Round "1"]
[White "Sjugirov, Sanan"]
[Black "Gordievsky, Dmitry"]
[Result "0-1"]
[WhiteElo "2673"]
[BlackElo "2564"]
[Annotator "TA"]
[PlyCount "110"]
[EventDate "2017.??.??"]

1. d4 Nf6 2. c4 g6 3. Nc3 Bg7 4. e4 d6 5. Nf3 O-O 6. Be2 Na6 7. O-O e5 8. Be3
c6 9. d5 Ng4 10. Bg5 f6 11. Bh4 c5 12. Ne1 Nh6 13. a3 {LiveBook: 20 Games} Bd7
14. Nd3 g5 15. Bg3 {White is slightly better.} f5 {aiming for ...f4.} 16. exf5
Nxf5 17. Bg4 Nc7 18. Ne4 h6 19. b4 b6 $1 20. Rb1 Ne8 21. Re1 Nf6 22. Nxf6+ Qxf6
23. Qf3 Qg6 24. Bh5 Qh7 25. bxc5 (25. Qe4 $1 $15) 25... Nxg3 (25... Nd4 $17 26.
Qd1 Bf5) 26. Qxg3 $11 Bf5 ({Don't capture} 26... dxc5 $2 27. Nxe5 Be8 28. Bg4
$16) 27. Rb3 $1 bxc5 28. Nb2 Bc2 29. Rb7 Rab8 30. Rxb8 Rxb8 31. Nd1 $1 Rb1 32.
Qh3 Qf5 33. Bg4 Qd3 {White must now prevent ...Qxh3.} 34. Qh5 $1 Qg6 $36 {
Hoping for ...Qxh5. Black has good play.} 35. Qh3 $1 Qd3 (35... Bd3 $17) 36.
Qh5 $1 Qd2 37. Rf1 Kh7 ({Black should play} 37... Rb8 $1 $11) 38. Qe8 (38. Qf7
$1 $14 Qf4 39. Qd7) 38... Bg6 $1 39. Qe6 $2 (39. Qd7 $11 {and White stays safe.
}) 39... Qd3 $1 $19 40. Ne3 (40. Bf3 $142) 40... Rxf1+ 41. Nxf1 {[#]} h5 $1 42.
Bh3 {intending g3.} g4 43. Bxg4 hxg4 44. Qxg4 Qf5 45. Qh4+ Qh5 46. Qe7 $2 (46.
Qxh5+ Bxh5 47. f3) 46... Qd1 47. Qh4+ Kg8 {...Bd3 is the strong threat.} 48.
Qd8+ $2 {[#]} (48. Qe7) 48... Bf8 $1 {Threatens to win with ...Bd3.} 49. Qf6
Bd3 $1 50. Qe6+ Kh7 51. Qh3+ Bh6 52. Qd7+ (52. g3 $142) 52... Bg7 53. Qh3+ Kg6
54. Qe6+ Bf6 55. Qg8+ Kh6 0-1

[Event "Aeroflot Open 2017"]
[Site "Moscow"]
[Date "2017.02.21"]
[Round "1"]
[White "Smirin, Ilia"]
[Black "Vakhidov, Jahongir"]
[Result "1-0"]
[WhiteElo "2670"]
[BlackElo "2561"]
[Annotator "TA"]
[PlyCount "55"]
[EventDate "2017.??.??"]

1. e4 c5 2. Nf3 Nc6 3. Bb5 g6 4. c3 Nf6 5. e5 Nd5 6. O-O Bg7 7. d4 cxd4 8. cxd4
Nc7 9. Ba4 O-O {LiveBook: 7 Games} 10. Bf4 b5 11. Bb3 d6 {Black is slightly
better.} 12. exd6 exd6 13. Bg5 Qd7 $1 14. Qd2 Bb7 {aiming for ...Nxd4!} 15. d5
Ne7 16. Nc3 f6 (16... Rfe8 $11) 17. Bf4 $36 {Black is under pressure.} Kh8 18.
Ne4 Ncxd5 ({Black should try} 18... Bxd5 $14 19. Nxd6 Rfd8) 19. Nxd6 (19. Bxd6
$18 {And now Rad1 would win.} g5 20. Bxd5 Nxd5 21. Bxf8 Bxf8 22. Qd4) 19...
Rad8 $16 20. Bg3 {Rad1 is the strong threat.} Ba8 (20... Nf5 $16 {keeps
fighting.} 21. Nxf5 Qxf5) 21. Rfd1 $18 g5 (21... Qc6 $16) 22. Qe2 a6 (22... h6
$142 23. Nxb5 Ng6 24. Bxd5 Bxd5) 23. a4 g4 24. Nd4 (24. axb5 gxf3 25. Qxf3 axb5
$11) 24... f5 {White should prevent ...f4.} 25. Ne6 ({Weaker is} 25. axb5 f4
$16) 25... f4 {[#]} 26. Nxf4 $1 (26. Nxd8 Qxd8 27. Qe6 fxg3 $16) ({Worse is} 
26. Nxf8 Rxf8 27. Bh4 Qxd6 28. axb5 Qb4 $11) (26. Qxg4 Bxb2 27. Rab1 Bc3 $18)
26... Rxf4 $2 (26... Nxf4 27. Bxf4 Bd5) 27. Bxf4 Ng6 28. Bg3 ({Not} 28. Bxd5
Nxf4 29. Qxg4 Qxg4 $11) 1-0

[Event "Aeroflot Open 2017"]
[Site "Moscow"]
[Date "2017.02.21"]
[Round "1"]
[White "Motylev, Alexander"]
[Black "Donchenko, Alexander"]
[Result "1-0"]
[WhiteElo "2663"]
[BlackElo "2553"]
[Annotator "TA"]
[PlyCount "45"]
[EventDate "2017.??.??"]

1. e4 c6 2. d4 d5 3. e5 Bf5 4. Nf3 e6 5. Be2 c5 6. Be3 Qb6 7. Nc3 Nc6 8. O-O
Qxb2 9. Qe1 c4 10. Rb1 Qxc2 11. Bd1 {LiveBook: 3 Games} ({Better is} 11. Rxb7
$14 O-O-O 12. Bd1 (12. Rxf7 Bb4 13. Bd2 Rd7 $11)) 11... Qxb1 $1 $11 12. Nxb1
Bxb1 13. Ba4 {The position is equal.} Bd3 ({Don't take} 13... Bxa2 $2 14. Bxc6+
bxc6 15. Qa5 $18) 14. Qa5 Kd7 $1 15. Rd1 Nh6 $2 (15... Nge7 $11 {and Black
stays safe.}) 16. Bg5 $18 {White has strong compensation.} Be4 $2 (16... Nf5 {
is tougher.}) 17. Rd2 {Threatening mate with Rb2.} b6 18. Qa6 {Qb7+ would kill
now.} Kc7 19. Rb2 {White wants to mate with Rxb6!} Nb8 {[#]} (19... Bb4 $142
20. Bxc6 Kxc6 21. Qa4+ Kc7 22. Qxb4 Rhc8) 20. Bd8+ $1 Kxd8 21. Qb7 Ba3 22. Qxa8
Kc8 {[#]} 23. Bc6 $1 ({Worse is} 23. Qxa7 Bxb2 24. Qxb6 Bc3 $11) 1-0

[Event "Aeroflot Open 2017"]
[Site "Moscow"]
[Date "2017.02.21"]
[Round "1"]
[White "Najer, Evgeniy"]
[Black "Morovic Fernandez, Ivan"]
[Result "1-0"]
[WhiteElo "2659"]
[BlackElo "2550"]
[Annotator "TA"]
[PlyCount "159"]
[EventDate "2017.??.??"]

1. d4 Nf6 2. c4 e6 3. Nf3 b6 4. g3 Bb7 5. Bg2 Be7 6. Nc3 Ne4 7. Bd2 O-O 8. Qc2
d5 9. cxd5 exd5 10. O-O Nd7 11. Bf4 {LiveBook: 3 Games} c5 12. dxc5 Nxc3 ({
Don't play} 12... bxc5 $6 13. Nxe4 dxe4 14. Nd2 $16) 13. Qxc3 {[#] Threatens
to win with c6.The position is equal.} bxc5 14. Rfd1 Qb6 15. Qc2 Nf6 16. Rac1
Rfe8 17. e3 Bf8 18. h3 h6 19. g4 a5 20. Qb3 Qb4 21. Ne5 Ra7 22. Nd3 Qxb3 $1 23.
axb3 Rc8 24. Be5 Nd7 25. Bc3 g5 26. Ra1 Rca8 27. Nc1 Nb6 28. Ne2 a4 29. bxa4
Nxa4 30. Rab1 Rd8 31. Ng3 Nxc3 32. bxc3 Ba8 33. Nf5 Ra4 34. Rb6 Rc4 35. Ra1
Rxc3 36. Ra7 {[#] Strongly threatening Rba6.} Rc1+ 37. Kh2 c4 $2 (37... Rc8 $1
$14) 38. Rba6 $18 ({Weaker is} 38. Nxh6+ Bxh6 39. Rxh6 Rb1 $11) 38... d4 {
aiming for ...Bxg2.} 39. Rxa8 Rxa8 40. Rxa8 ({And not} 40. Bxa8 d3 41. Bf3 c3
$15) 40... d3 41. Nxh6+ Kg7 42. Nf5+ Kg8 43. Rd8 Rd1 44. Bf3 Rd2 {intending ...
c3.} 45. Rc8 Rxf2+ 46. Kg3 Rc2 47. Be4 Rc3 $2 (47... Ra2 48. Rxc4 d2) 48. Kf2
Rc2+ 49. Kf3 Rc3 50. Kf2 Rc2+ $1 51. Ke1 Rc1+ 52. Kd2 Rc2+ 53. Ke1 Rc1+ 54. Kd2
Rc2+ $1 55. Kd1 c3 56. Nd4 (56. Ng3 $142) 56... Rf2 57. Rxc3 Rf1+ 58. Kd2 Bb4
59. Kxd3 Bxc3 60. Kxc3 Kg7 $2 (60... f6 61. Nf5 Kf7 62. Bd5+ Ke8) 61. Kd3 (61.
Nf5+ $142 Kf6 62. Bd5) 61... Rf2 $2 (61... f6 62. Bd5 Rf2) 62. Nf3 (62. Nf5+
$142 Kf6 63. Kd4) 62... Kh6 (62... f6 {was necessary.} 63. h4 gxh4 64. Nxh4 Ra2
65. Nf5+ Kf8) 63. Bd5 Kg6 $2 (63... f6 64. Ke4 Kg6) 64. Ne5+ Kf6 65. Nxf7 Rh2
66. Kd4 Rxh3 67. Nd6 Rh4 68. Bf3 Rh2 69. Ne4+ Kg6 70. Nc5 {White mates.} Kf6
71. e4 Rd2+ 72. Nd3 Rh2 73. e5+ Ke7 74. Be4 Ra2 75. Bf5 Ra4+ 76. Kc5 Ra5+ 77.
Kb6 Rd5 78. Nb4 Rd2 79. Kc6 Kd8 80. e6 1-0

[Event "Aeroflot Open 2017"]
[Site "Moscow"]
[Date "2017.02.21"]
[Round "1"]
[White "Artemiev, Vladislav"]
[Black "Petrosyan, Manuel"]
[Result "1/2-1/2"]
[WhiteElo "2655"]
[BlackElo "2549"]
[Annotator "TA"]
[PlyCount "41"]
[EventDate "2017.??.??"]

1. d4 Nf6 2. c4 e6 3. Nf3 b6 4. a3 Ba6 5. Qc2 c5 6. d5 exd5 7. cxd5 Bb7 8. e4
Qe7 9. Bd3 Nxd5 $1 {LiveBook: 35 Games} 10. Bg5 Nf6 11. Nc3 {White has strong
compensation.} h6 {White is better.} 12. Bf4 {Black must now prevent Nb5.} Nh5
{[#]} (12... Nd5 $1 $14 13. Nxd5 Bxd5) 13. Bc7 $1 $16 Bc6 $2 (13... Qe6 $16 {
was worth a try.}) 14. O-O-O d6 $2 (14... Qe6 {keeps fighting.} 15. Ne5 Bd6)
15. Nb5 $18 {White is clearly winning.} Qd7 16. e5 Bxb5 17. Bxb5 Qxb5 18. exd6
{[#] White wants to mate with Qe4+.} Be7 19. dxe7 Nd7 20. Qe4 Rc8 21. Qb7 {
A strange result} 1/2-1/2

[Event "Aeroflot Open 2017"]
[Site "Moscow"]
[Date "2017.02.21"]
[Round "1"]
[White "Iturrizaga Bonelli, Eduardo"]
[Black "Olafsson, Helgi"]
[Result "1-0"]
[WhiteElo "2652"]
[BlackElo "2540"]
[Annotator "TA"]
[PlyCount "133"]
[EventDate "2017.??.??"]

1. d4 Nf6 2. c4 e6 3. g3 d5 4. Bg2 dxc4 5. Nf3 c5 6. O-O Nc6 7. dxc5 Qxd1 8.
Rxd1 Bxc5 9. Nbd2 {[#]} c3 $1 10. bxc3 O-O 11. Nb3 Be7 12. Bb2 Bd7 13. c4 Rfd8
14. c5 Rac8 15. Nfd2 Be8 16. Nc4 Rxd1+ 17. Rxd1 Kf8 18. Nd6 Rc7 19. e4 Nb4 20.
Be5 Ba4 21. Rd4 Bxb3 $1 22. Rxb4 (22. axb3 Rxc5 23. Bxf6 gxf6 24. Rxb4 Bxd6 25.
Rxb7 Rc1+ 26. Bf1 Bc5 $15) 22... Rxc5 (22... Bxa2 $2 23. Nxb7 Rc6 24. Rb2 $18)
23. Rxb7 Ba4 $1 24. Rxa7 Bc6 25. Bf4 $36 {White has some pressure.} g5 26. Be3
Rc2 {White must now prevent ...Ng4.} (26... Bxd6 $2 27. Bxc5 Bxc5 28. Rc7 $18)
27. e5 (27. Bxg5 $2 Bxd6 28. Ra6 Be5 $19) 27... Ng4 (27... Nd5 $11 28. Ra6 f5)
28. Bxc6 $16 Nxe3 29. Ra8+ $1 (29. fxe3 Rxc6 30. Ne4 h5 $14) 29... Kg7 30. Ne8+
(30. fxe3 $6 Rxc6 31. Ne8+ Kg6 $11) 30... Kh6 31. fxe3 {And now Be4 would win.}
Rxc6 $18 {Endgame KRB-KRN} 32. Ra7 Bc5 33. Rxf7 {White threatens Rf6+ and mate.
} Bxe3+ 34. Kg2 ({White has to play} 34. Kf1 $18 {White wants to mate with g4.}
Rc8 35. Re7) 34... g4 $1 $14 35. Rf6+ Kg5 36. Ng7 Rc2+ 37. Kf1 Rxa2 (37... Rxh2
$6 38. Nxe6+ Kh5 39. Nf8 $16) 38. Nxe6+ Kh5 39. Rf5+ Kg6 $1 40. Rf6+ Kh5 41.
Nf4+ Kg5 42. Rf7 Ra5 (42... Rxh2 $2 43. e6 Bc5 44. e7 Rh1+ 45. Ke2 Rh2+ 46. Kd3
Bxe7 47. Rxe7 $18) (42... Rf2+ $5 43. Ke1 $8 Rb2 $16) 43. Nd3 {White wants to
play Ke2.} Ra6 44. Ke2 Bd4 45. Rd7 Ra2+ 46. Kf1 Ra1+ 47. Ke2 Ra2+ 48. Kd1 Be3
49. e6 Kf6 50. e7 Kf7 51. Ne5+ Ke8 52. Rb7 Rd2+ (52... Rxh2 53. Nc6 (53. Nxg4
Rh1+ 54. Ke2 Bg5 $11) 53... Rd2+ 54. Ke1 Rb2 55. Rxb2 Ba7 56. Rb7 Kf7 57. Rxa7)
53. Ke1 {Strongly threatening Nc6.} Rd6 $2 (53... Rxh2 $11 {and Black has
nothing to worry.} 54. Nxg4 Rh1+ 55. Ke2 Bg5) 54. Rb8+ $1 $18 ({Don't play} 54.
Nxg4 Bd4 $16) 54... Kxe7 55. Rb7+ ({Don't do} 55. Nxg4 $6 Bd4 $16) 55... Kf8
56. Rxh7 Rd4 57. Rh8+ $1 Kg7 {[#]} 58. Rh4 $1 Re4 $2 (58... Rd5 $18) 59. Rxg4+
Rxg4 60. Nxg4 {KB-KN} Bb6 61. Ke2 Kg6 62. Kf3 Kh5 63. Kf4 Bc7+ {[#]} 64. Kf5 $2
(64. Ne5 $1 {mates} Ba5 65. Kf5 Bc3 66. Ng6 Kh6 67. g4 Ba1 68. h4 Bc3 69. Nf4)
64... Bb8 $2 (64... Bxg3 $11 65. hxg3) 65. Ne5 {White mates.} Bd6 66. Nf3 Kh6
67. g4 1-0

[Event "Aeroflot Open 2017"]
[Site "Moscow"]
[Date "2017.02.21"]
[Round "1"]
[White "Berkes, Ferenc"]
[Black "Swapnil, S  Dhopade"]
[Result "1-0"]
[WhiteElo "2648"]
[BlackElo "2534"]
[Annotator "TA"]
[PlyCount "60"]
[EventDate "2017.??.??"]

1. Nf3 Nf6 2. g3 d5 3. Bg2 {??.} c6 4. O-O Bg4 5. d3 Nbd7 6. Qe1 e5 7. e4 Bd6
8. h3 Bh5 ({Better is} 8... Bxf3 9. Bxf3 O-O) 9. exd5 Nxd5 10. Nxe5 Nxe5 11. d4
O-O 12. dxe5 Re8 13. f4 {Strongly threatening Nc3.} f6 14. Nc3 fxe5 15. f5 Nxc3
16. Qxc3 e4 17. Bf4 $1 e3 {[#] ...e2 is the strong threat.} 18. Rae1 $1 e2 19.
Rf2 Bxf4 20. Rxf4 ({Don't go for} 20. gxf4 $2 Qb6 21. Qg3 Qxb2 $19) 20... Qb6+
21. Qd4 $1 Qa5 22. Qb4 Qxa2 23. Kf2 Rad8 24. g4 {White has compensation.} Bf7
25. Bf3 Rd7 26. Rd4 a5 27. Qc3 Rxd4 28. Qxd4 h6 29. Rxe2 Rxe2+ (29... Qb1 $1
$11) 30. Bxe2 $14 Qd5 1-0

[Event "Aeroflot Open 2017"]
[Site "Moscow"]
[Date "2017.02.21"]
[Round "1"]
[White "Gupta, Abhijeet"]
[Black "Martirosyan, Haik M"]
[Result "1-0"]
[WhiteElo "2645"]
[BlackElo "2529"]
[Annotator "TA"]
[PlyCount "71"]
[EventDate "2017.??.??"]

1. d4 Nf6 2. c4 e6 3. Nf3 b6 4. a3 Ba6 5. Qb3 Be7 6. Bf4 O-O 7. e3 d5 8. Nc3 c6
9. Rd1 Nbd7 10. h3 Qc8 11. Be2 Rd8 12. O-O c5 13. Nb5 Bxb5 $1 14. Qxb5 a6 15.
Qb3 b5 16. cxd5 c4 17. Qc2 {Hoping for d6.} exd5 18. Ne5 Nf8 19. Bg5 Qe6 20. f4
Qd6 21. Bf3 Rac8 22. f5 Qc7 23. Bf4 $36 {Black must now prevent Nxf7! White
has good play.} Qb7 24. g4 Ne4 25. Bxe4 $1 dxe4 26. g5 $1 f6 27. gxf6 Bxf6 28.
Kh1 Nd7 29. Rg1 Rf8 30. Ng4 Kh8 31. Qg2 Rce8 32. Bd6 Rg8 33. Qg3 Qd5 {[#]} 34.
Ne5 $1 Be7 $2 ({Don't capture} 34... Bxe5 $2 35. dxe5 Qc6 36. Qf4) (34... Rd8
$16 35. Qg4 Rge8) (34... Nxe5 35. dxe5) 35. Bxe7 $18 {White threatens Ng6+!
and mate.} ({And not} 35. Nxd7 Bxd6 36. Qg4 Be7 $17) 35... Rxe7 {[#]} 36. Ng6+
$1 1-0

[Event "Aeroflot Open 2017"]
[Site "Moscow"]
[Date "2017.02.21"]
[Round "1"]
[White "Kuzubov, Yuriy"]
[Black "Kotronias, Vasilios"]
[Result "1/2-1/2"]
[WhiteElo "2643"]
[BlackElo "2524"]
[Annotator "TA"]
[PlyCount "68"]
[EventDate "2017.??.??"]

1. e4 c5 2. Nf3 Nc6 3. Bb5 d6 4. O-O Bd7 5. Re1 Nf6 6. c3 a6 7. Ba4 b5 8. Bc2
Bg4 9. h3 Bxf3 10. Qxf3 g6 11. d3 Bg7 12. Be3 O-O 13. Nd2 Nd7 {LiveBook: 4
Games} 14. Rac1 Rc8 15. Qe2 Nb6 {White has an edge.} 16. f4 b4 17. Bd1 a5 18.
Nf3 a4 19. a3 bxa3 20. bxa3 Na5 21. Qa2 ({White should try} 21. c4 $14) 21...
c4 22. d4 Nb3 $36 {Black is more active.} 23. Rb1 Nd7 24. Be2 e5 25. Rbd1 exd4
26. Nxd4 Ndc5 27. Qc2 {[#] Threatens to win with Nb5.} ({But not} 27. Bxc4 $2
Nxe4 28. Bxb3 Nxc3 29. Bxf7+ Rxf7 $19) 27... Qe7 28. Bxc4 Nxe4 29. Bxb3 ({
Reject} 29. Nxb3 Rxc4 30. Nd2 Nxd2 31. Bxd2 Qc7 $17) 29... axb3 30. Qxb3 Nxc3
31. Bf2 Qc7 32. Rd3 Qc4 33. Qxc4 Rxc4 34. Ne2 Ra8 1/2-1/2

[Event "Aeroflot Open 2017"]
[Site "Moscow"]
[Date "2017.02.21"]
[Round "1"]
[White "Khismatullin, Denis"]
[Black "Lorparizangeneh, Shahin"]
[Result "1/2-1/2"]
[WhiteElo "2639"]
[BlackElo "2519"]
[Annotator "TA"]
[PlyCount "132"]
[EventDate "2017.??.??"]

1. c4 c5 2. Nf3 Nc6 3. d4 cxd4 4. Nxd4 Nf6 5. Nc3 e6 6. a3 d5 7. cxd5 exd5 8.
g3 Bc5 {LiveBook: 6 Games} 9. Be3 Bb6 10. Na4 Bxd4 11. Bxd4 O-O 12. Bg2 Re8 13.
Nc3 Ne4 14. Nxe4 dxe4 15. Bc3 Bg4 16. h3 Bh5 17. Qa4 Bf3 18. Rd1 ({Much worse
is} 18. Bxf3 exf3 19. e3 Qd3 $11) 18... Qe7 19. Bxf3 exf3 20. e3 Rad8 21. O-O
$36 {White has strong initiative.} Qe6 22. Kh2 f6 23. Rxd8 Rxd8 24. Rd1 Rf8 25.
Qb5 ({Better is} 25. Qf4) 25... Rf7 (25... Rd8 $142 26. Rxd8+ Nxd8) 26. Qd5
Qxd5 27. Rxd5 $16 {Endgame KRB-KRN} Kf8 28. g4 Ke7 29. Kg3 Ke6 30. Rf5 Rd7 31.
Kxf3 Rd1 32. h4 b6 33. Rh5 h6 34. g5 hxg5 35. hxg5 Rd5 36. e4 $1 Rc5 37. Bd2 ({
White should try} 37. Ke2 $16) 37... Ne5+ $11 38. Kg3 Nc4 39. Bc3 Nd6 40. f3
Nf7 41. f4 g6 $1 42. f5+ (42. Bxf6 $2 gxh5 43. f5+ Kd7 $19) 42... gxf5 43. gxf6
f4+ 44. Kg4 Rxh5 45. Kxh5 {Strongly threatening Kg4. KB-KN} f3 (45... Nd6 $11
46. Kg6 b5) 46. Bd4 $16 Ne5 {[#]} 47. Kh4 $1 Nc6 ({Don't capture} 47... Kxf6 $2
48. Kg3 $18) 48. Be3 Kxf6 49. Kg3 Ke6 50. a4 Ne5 {[#]} 51. b3 (51. Bd4 $1 $16 {
Hoping for Bxe5.} Nd3 52. Kxf3) 51... Nc6 $11 {The position is equal.} 52. Kxf3
Ke5 $1 53. Bf2 Na5 $1 54. Bg3+ Kd4 55. b4 Nc4 $1 56. Kf4 {White wants to play
Bh4.} a6 57. Kf5 {Bc7 is the strong threat.} Ne3+ 58. Kf4 Nc4 59. Be1 Nb2 {
Threatens to win with ...Nd3+.} 60. Kf5 Nc4 $1 ({Don't take} 60... Nxa4 $2 61.
e5 Nb2 62. e6 $18) 61. Bf2+ Kc3 62. Be1+ Kd4 63. Bf2+ Kc3 64. Ke6 Kxb4 65. Kd5
b5 66. axb5 Kxb5 1/2-1/2